Culture Générale - Série 2116 - Statistiques

Statistiques générales
  • Ce quiz a été pris 77 fois
  • Le résultat moyen est 3 sur 10
Statistiques - réponses
Question Réponse % Correct
Quel département français d'outre-mer à le numéro 971 ? Guadeloupe
86%
Dans quel département français se trouve la commune de Livarot ? Calvados
53%
De quelle région de France la" teurgoule" est-elle une spécialité culinaire (dessert) ? Normandie
41%
Dans quel département français se trouve la commune de Raon l'Etape ? Vosges
35%
Dans quel département français se trouve la commune d'Ax-les-Thermes ? Ariège
34%
Quel agrume très proche de la mandarine, doit son nom à une ville d'Afrique du Nord ? tangerine
23%
Sur quel département français s'étend la forêt d'Ecouves ? Orne
19%
Dans quel département français est située la centrale nucléaire de Paluel ? Seine-Maritime
18%
Comment s'appelle l'oiseau sur la photo, originaire d'Asie ? calao
11%
Lors de la seconde guerre mondiale, quelle ville a été le siège de l'opération "Cobra", du 25 au 31 juillet 1944 ? Avranches
3%
Aucun quiz correspondant
Distribution des résultats
% des personnes avec chaque résultat
Percentile par nombre de réponses
Votre historique - résultats
Vous n’avez pas pris ce quiz